000 01011nam a22002657a 4500
999 _c64253
_d64253
005 20240530110722.0
008 180310s2016 ua a f b 000 0 ara d
017 _a2015/10932
_bمصر. دار الكتب
020 _a9789772768776
040 _aEG-CaGPL
_cEG-CaGPL
082 0 4 _221
_a320.96239
_bق/إ ج
100 0 _aامنية سالم
245 1 2 _aالجماعات الجهادية فى سيناء والامن القومى المصرى /
_cامنية سالم ؛ اشراف جهاد عودة .
250 _aط.1
260 _aالقاهرة :
_bالمكتب العربى للمعارف ،
_c2016 .
300 _a154 ص. ؛
_c24 سم.
504 _aببليوجرافية : 151 - 154
650 0 7 _2qrmak
_aالارهاب
_zسيناء
650 0 7 _2qrmak
_aالجماعات التكفيرية
651 0 7 _2qrmak
_aسيناء
651 0 7 _2qrmak
_aسيناء
_xتاريخ
700 0 _aجهاد عودة
_eمشرف
942 _2ddc
_cBK